000
00317nam a2200121Ia 4500
008
220204s9999 xx 000 0 und d
082
_a
681.3.06:62
_b
JEN
100
_a
Jensen, Randall W
245
0
_a
Software engineering
260
_a
New Jersey
_b
Englewood Cliffs
_c
1979
700
_a
Tonies, Charles C
942
_c
BK
999
_c
34680
_d
34680